000 00953nam a22002177a 4500
999 _c12060
_d12060
003 AR-CdUCM
008 190405b ||||| |||| 00| 0 spa d
040 _aMUNICIPALIDAD PROVINCIAL DEL CUSCO
_cBIBLIOTECA MUNICIPAL DEL CUSCO
082 _a708.85 /
_bAR76 / 1949
110 _aInstituto de investigaciones de arte Peruano y Americano
_929620
245 _aArquitectura Peruana precolombina /
260 _aLima :
_bPublicaciones del instituto de investigaciones e arte Peruano y americano,
_c1949.
300 _a53 paginas ;
_bIlustraciones,
_c21 cm.
440 _aDocumentos del arte Peruano
_nVIII
_929727
505 _aContenido : El adobe y sus formas -- Hiladas alternadas -- Otros materiales costeños -- La piedra y sus tipos -- Clases de construcción...
650 _aFormas de construcción
_929728
650 _aEstilos de Construcción
_929729
650 _aClases de piedra
_929730
942 _2ddc
_cLIBROS
945 _awnts
_d2019-04-05